| 000 | 00807cam a2200229 a 4500 | ||
|---|---|---|---|
| 001 | 000009658 | ||
| 005 | 20200929161647.0 | ||
| 008 | 820520s1980 ve 000 0 spa | ||
| 040 |
_aDO-SdBNP _bspa _cLC _dBNPHU |
||
| 082 |
_aV862.44 _bR828p |
||
| 100 | 1 |
_aRossell, Levy, _d1945- _924543 |
|
| 245 | 1 | 0 |
_aPompeyo, Maria Monos, pajarraco y cemeruco / _cLevy Rossell ; musica Alexis Rossell. |
| 260 |
_aCaracas : _bFundación para la Cultura y las Artes del Distrito Federal, _fTalleres de la Imprenta Municipal de Caracas, _c1980. |
||
| 300 |
_a115 p. ; _c16 cm. |
||
| 490 | 1 | _aHola Público | |
| 650 | 4 |
_aTeatro venezolano _923074 |
|
| 650 | 4 |
_aLiteratura venezolana _93816 |
|
| 700 | 1 |
_aRossell, Alexis. _924544 |
|
| 830 | 0 |
_aHola Público _924545 |
|
| 910 | _aCatalogación por copia / LC | ||
| 049 | _aBNGR | ||
| 999 |
_c9418 _d9418 |
||